000 03474nas a22002537a 4500
003 NALT
005 20250527145036.0
006 a|||p|r|||| 00| 0
007 ta
008 250527b th |||p| |||| 00| 0 tha d
040 _aNALT
041 _atha
245 0 0 _aนิติศาสตร์ มหาวิทยาลัยธรรมศาสตร์ ปีที่ 13 ฉบับที่ 1-4 (พ.ศ. 2526)
260 _aเรือนแก้วการพิมพ์
310 _aรายสามเดือน
500 _aวารสารเย็บเล่ม
505 2 _aปีที่ 13 ฉบับที่ 1 (พ.ศ. 2526) -- กฎหมายปิโตรเลียม -- วิวัฒนาการของกฎหมายอังกฤษว่าด้วยการควบคุมการผูกขาด การปฏิบัติมิชอบทางการค้า และการค้ากำไรเกินควร -- เทคนิคการเจรจาเงินกู้จาก ต่างประเทศ -- ธนาคารและการค้าระหว่างประเทศ -- นโยบายการแข่งขันและกิจกรรมในประชาคมเศรษฐกิจยุโรป -- ฎีกาวิเคราะห์ คดีสำหรับนักเล่นหุ้น.
_aปีที่ 13 ฉบับที่ 3 (พ.ศ. 2526) -- พรรคการเมืองไทย : ทารกที่ไม่มีโอกาสเติบโต? -- วิวัฒนาการปัจจุบันของความรับผิดชอบทางการเมืองของรัฐบาลในระบอบเสรีประชาธิปไตย -- ระบบการเลือกตั้ง -- สถาบันทหารกับการเมืองการปกครองไทย -- ฎีกาวิเคราะห์ : คดีโรงพิมพ์ส่วนท้องถิ่น -- ความชะงักงันของระบบรัฐสภาปัจจุบัน : ทางตันที่น่าวิตก -- รัฐธรรมนูญกับประชาธิปไตย : ความหมายและ ความสัมพันธ์ -- วิกฤตการณ์รัฐธรรมนูญ 2526.
_aปีที่ 13 ฉบับที่ 4 (พ.ศ. 2526) -- การคุ้มครองลิขสิทธิ์ในกฎหมายไทย -- ลิขสิทธิ์ระหว่างประเทศ -- การบริหารงานด้านสิทธิบัตรในประเทศไทย -- ความรับผิดชอบของผู้ว่าจ้างทำของในมูลละเมิด เป็นความรับผิดในการกระทำของบุคคลอื่นหรือไม่ -- สัญญาก่อฐานะบุคคล -- การประกันชีวิต.
650 4 _aลิขสิทธิ์
_93169
850 _aNALT
866 _a ปีที่ 13 ฉบับที่ 1-4 (พ.ศ. 2526)
942 _cBOUND
996 _aaroonthip.c
_bLIBSTF
_c2025-05-27
999 _c106674
_d106674
998 _h179
_j179
_k นางสาวอรุณทิพย์ จันทร์ดิษฐ์